| 000 | 00372 a2200109 4500 | ||
|---|---|---|---|
| 001 | ART_13077 | ||
| 005 | 20260410161817.0 | ||
| 008 | 260409a | ||
| 245 | 1 | 0 | _aPresente y futuro del derecho del trabajo |
| 100 | 1 | _aRodrÃguez Mancini, Jorge | |
| 773 | 0 |
_tRevista Juridica de Buenos Aires _gPresente y futuro del derecho del trabajo (ene. 2009) _wREV4315 |
|
| 999 |
_c21982 _d21982 |
||